La femme et les medecins : analyse historique

Αποθηκεύτηκε σε:
Λεπτομέρειες βιβλιογραφικής εγγραφής
Κύριος συγγραφέας: Knibiehler, Yvonne
Άλλοι συγγραφείς: Fouquet, Catherine
Μορφή: Βιβλίο
Γλώσσα:French
Δημοσίευση: France : Hachette, c1983
Σειρά:Force des idees
Θέματα:
Ετικέτες: Προσθήκη ετικέτας
Δεν υπάρχουν, Καταχωρήστε ετικέτα πρώτοι!

MARC

LEADER 00000nam a2200000 i 4500
001 1/67691
008 931109s1983 fre d
020 |a 2-01-008299-0 
035 |a ΛΕΣΒΟΣb10001942  |l 10001942 
040 |a GR-MY-UA  |b gre  |e aacr 
041 0 |a fre 
082 0 |a 305.4 
100 1 |a Knibiehler, Yvonne. 
245 1 3 |a La femme et les medecins :  |b analyse historique /  |c Yvonne Knibiehler; Catherine Fouquet 
260 |a France :   |b Hachette,   |c c1983 
300 |a 329 p. 
490 1 |a Force des idees 
500 |a Includes notes 
650 0 0 |a Women  |x Social conditions. 
650 0 0 |a Gynecology  |x Social aspects  |x History. 
650 0 0 |a Physicians  |x Attitudes  |x History. 
650 0 0 |a Sex discrimination against women  |x History. 
650 0 0 |a Women  |x Health and hygiene  |x History. 
700 1 |a Fouquet, Catherine. 
830 0 |a Force des idees 
852 |a INST  |b LESVOS  |e 19931109  |h 305.4 KNI  |p 005100005080  |q 005100005080  |t BK  |y 0 
909 |a Λ  |b 024818